Powergirls und Drachenmädchen: weibliche Symbolwelten in Mythologie und Jugendkultur
Die Autorin hat sich in diesem Buch auf die Suche nach weiblichen Symbolen in Geschichte, Mythologie, Kunst, Philosophie, Musik und Jugendkultur begeben und sie für die Mädchen-Kultur-Pädagogik sowohl theoretisch als auch an praktischen Beispielen erfahrbar und nutzbar gemacht.
| Autor principal: | |
|---|---|
| Tipo de documento: | Print Libro |
| Lenguaje: | Alemán |
| Publicado: |
Münster
Unrast
1999
|
| En: | Año: 1999 |
| Edición: | 1. Auflage |
| Acceso en línea: |
Índice Índice |
| Verificar disponibilidad: | HBZ Gateway |
| Servicio de pedido Subito: | Pedir ahora. |
| Palabras clave: |
MARC
| LEADER | 00000cam a2200000 c 4500 | ||
|---|---|---|---|
| 001 | 265863600 | ||
| 003 | DE-627 | ||
| 005 | 20260206204322.0 | ||
| 007 | tu | ||
| 008 | 990315s1999 gw ||||| 00| ||ger c | ||
| 015 | |a 99,N13,0382 |2 dnb | ||
| 015 | |a 99,A46,0480 |2 dnb | ||
| 016 | 7 | |a 955715156 |2 DE-101 | |
| 020 | |a 3897713527 |c Broschur : DM 24.80, ca. sfr 23.00, ca. S 181.00 |9 3-89771-352-7 | ||
| 024 | 3 | |a 9783897713529 | |
| 035 | |a (DE-627)265863600 | ||
| 035 | |a (DE-603)067708994 | ||
| 035 | |a (DE-576)077528735 | ||
| 035 | |a (DE-599)DNB955715156 | ||
| 035 | |a (OCoLC)237365934 | ||
| 035 | |a (OCoLC)41877730 | ||
| 040 | |a DE-627 |b ger |c DE-627 |e rda | ||
| 041 | |a ger | ||
| 044 | |c XA-DE-NW | ||
| 084 | |a SOP 1850 |2 sfb | ||
| 084 | |a S 564,1 |2 sfb | ||
| 084 | |a S 569 |2 sfb | ||
| 084 | |a VO 840 |2 sfb | ||
| 084 | |a 22 |2 sdnb | ||
| 084 | |a 22 |a 11 |a 14 |2 sdnb | ||
| 084 | |a DH 1000 |2 rvk |0 (DE-625)rvk/19572:761 | ||
| 084 | |a LC 91000 |2 rvk |0 (DE-625)rvk/90703:772 | ||
| 084 | |a CR 6000 |2 rvk |0 (DE-625)rvk/19034: | ||
| 084 | |a MS 2150 |2 rvk |0 (DE-625)rvk/123632: | ||
| 084 | |a MS 2850 |2 rvk |0 (DE-625)rvk/123647: | ||
| 084 | |a 81.22 |2 bkl | ||
| 084 | |a 79.16 |2 bkl | ||
| 084 | |a 71.59 |2 bkl | ||
| 084 | |a 71.33 |2 bkl | ||
| 100 | 1 | |a Zötsch, Claudia |d 1970- |e VerfasserIn |0 (DE-588)121459373 |0 (DE-627)705467554 |0 (DE-576)292722702 |4 aut | |
| 109 | |a Zötsch, Claudia 1970- | ||
| 245 | 1 | 0 | |a Powergirls und Drachenmädchen |b weibliche Symbolwelten in Mythologie und Jugendkultur |c Claudia Zötsch |
| 250 | |a 1. Auflage | ||
| 264 | 1 | |a Münster |b Unrast |c 1999 | |
| 300 | |a 260 Seiten |b Illustrationen |c 21 cm | ||
| 336 | |a Text |b txt |2 rdacontent | ||
| 337 | |a ohne Hilfsmittel zu benutzen |b n |2 rdamedia | ||
| 338 | |a Band |b nc |2 rdacarrier | ||
| 500 | |a Literaturverzeichnis: Seite 257-260 | ||
| 520 | |a Die Autorin hat sich in diesem Buch auf die Suche nach weiblichen Symbolen in Geschichte, Mythologie, Kunst, Philosophie, Musik und Jugendkultur begeben und sie für die Mädchen-Kultur-Pädagogik sowohl theoretisch als auch an praktischen Beispielen erfahrbar und nutzbar gemacht. | ||
| 689 | 0 | 0 | |d s |0 (DE-588)4058716-2 |0 (DE-627)104117206 |0 (DE-576)209127716 |a Symbol |2 gnd |
| 689 | 0 | 1 | |d s |0 (DE-588)4079101-4 |0 (DE-627)10468254X |0 (DE-576)209210974 |a Weiblichkeit |2 gnd |
| 689 | 0 | 2 | |d s |0 (DE-588)4162843-3 |0 (DE-627)105459232 |0 (DE-576)209876603 |a Jugendkulturarbeit |2 gnd |
| 689 | 0 | 3 | |d s |0 (DE-588)4044302-4 |0 (DE-627)106206168 |0 (DE-576)209060174 |a Pädagogik |2 gnd |
| 689 | 0 | 4 | |d s |0 (DE-588)4222126-2 |0 (DE-627)104499168 |0 (DE-576)210278633 |a Feminismus |2 gnd |
| 689 | 0 | |5 DE-101 | |
| 689 | 1 | 0 | |d s |0 (DE-588)4189399-2 |0 (DE-627)104247371 |0 (DE-576)210059478 |a Weibliche Jugend |2 gnd |
| 689 | 1 | 1 | |d s |0 (DE-588)4114114-3 |0 (DE-627)104151838 |0 (DE-576)209482001 |a Jugendkultur |2 gnd |
| 689 | 1 | 2 | |d s |0 (DE-588)4058716-2 |0 (DE-627)104117206 |0 (DE-576)209127716 |a Symbol |2 gnd |
| 689 | 1 | 3 | |d s |0 (DE-588)4132695-7 |0 (DE-627)104653477 |0 (DE-576)209637749 |a Wertorientierung |2 gnd |
| 689 | 1 | |5 DE-101 | |
| 689 | 2 | 0 | |d s |0 (DE-588)4036871-3 |0 (DE-627)104253827 |0 (DE-576)209020989 |a Mädchen |2 gnd |
| 689 | 2 | 1 | |d s |0 (DE-588)4189399-2 |0 (DE-627)104247371 |0 (DE-576)210059478 |a Weibliche Jugend |2 gnd |
| 689 | 2 | 2 | |d s |0 (DE-588)4026482-8 |0 (DE-627)106288199 |0 (DE-576)208966544 |a Identität |2 gnd |
| 689 | 2 | 3 | |d s |0 (DE-588)4058716-2 |0 (DE-627)104117206 |0 (DE-576)209127716 |a Symbol |2 gnd |
| 689 | 2 | |5 (DE-627) | |
| 856 | 4 | 2 | |u https://digitale-objekte.hbz-nrw.de/storage/2008/10/25/file_17/2626612.pdf |m V:DE-605 |m X:migimw |q application/pdf |v 2025-07-00 |3 Inhaltsverzeichnis |7 1 |
| 856 | 4 | 2 | |u http://scans.hebis.de/HEBCGI/show.pl?06770899_toc.pdf |m V:DE-605 |q application/pdf |3 Inhaltsverzeichnis |7 1 |
| 935 | |a mkri | ||
| 935 | |i Blocktest | ||
| 935 | |h HEB |i 0501 | ||
| 935 | |h HEB |i 0503 | ||
| 936 | r | v | |a DH 1000 |b Allgemeines und Deutschland |k Pädagogik |k Geschlechtsspezifische Aspekte der Bildung |k Allgemeines und Deutschland |0 (DE-627)1270707027 |0 (DE-625)rvk/19572:761 |0 (DE-576)200707027 |
| 936 | r | v | |a LC 91000 |b Darstellung ohne geografischen Bezug |k Sozial- und Kulturanthropologie. Empirische Kulturwissenschaft |k Kunst und Wissen |k Theater-, Musik- und Kunstethnologie |k Kunst |k Ornamentik, Symbolik |k Darstellung ohne geografischen Bezug |0 (DE-627)1271500272 |0 (DE-625)rvk/90703:772 |0 (DE-576)201500272 |
| 936 | r | v | |a CR 6000 |b Sexualität, geschlechtsspezifische Differenzen |k Psychologie |k Differentielle Psychologie (Persönlichkeitspsychologie) |k Sexualität, geschlechtsspezifische Differenzen |0 (DE-627)1271443783 |0 (DE-625)rvk/19034: |0 (DE-576)201443783 |
| 936 | r | v | |a MS 2150 |b Allgemeine Darstellungen |k Soziologie |k Spezielle Soziologien |k Jugendsoziologie |k Allgemeine Darstellungen |0 (DE-627)1270710710 |0 (DE-625)rvk/123632: |0 (DE-576)200710710 |
| 936 | r | v | |a MS 2850 |b Geschlechterrolle und Sexualverhalten |k Soziologie |k Spezielle Soziologien |k Soziologische Geschlechterforschung (Gender Studies) |k Geschlechterrolle und Sexualverhalten |0 (DE-627)1271156059 |0 (DE-625)rvk/123647: |0 (DE-576)201156059 |
| 936 | b | k | |a 81.22 |j Geschlechterunterschied im Bildungswesen |0 (DE-627)106416758 |
| 936 | b | k | |a 79.16 |j Jugendhilfe |x Sozialarbeit |0 (DE-627)106412930 |
| 936 | b | k | |a 71.59 |j Kultursoziologie: Sonstiges |0 (DE-627)106407775 |
| 936 | b | k | |a 71.33 |j Frau |x Soziologie |0 (DE-627)106412671 |
| 936 | s | n | |a l100 |2 mzub |
| 936 | s | n | |a c200 |2 mzub |
| 936 | s | n | |a m200 |2 mzub |
| 936 | s | n | |a d100 |2 mzub |
| 951 | |a BO | ||
| ELC | |b 1 | ||
| LOK | |0 000 xxxxxcx a22 zn 4500 | ||
| LOK | |0 001 3094334954 | ||
| LOK | |0 003 DE-627 | ||
| LOK | |0 004 265863600 | ||
| LOK | |0 005 20100407024928 | ||
| LOK | |0 008 050716||||||||||||||||ger||||||| | ||
| LOK | |0 040 |a DE-21-43 |c DE-627 |d DE-21-43 | ||
| LOK | |0 541 |e 2001/402 | ||
| LOK | |0 852 |a DE-21-43 | ||
| LOK | |0 852 1 |c Hvb 2 |m p |9 00 | ||
| LOK | |0 935 |a k043 | ||
| LOK | |0 938 |k p | ||
| LOK | |0 939 |a 16-07-05 |b l01 | ||
| LOK | |0 000 xxxxxcx a22 zn 4500 | ||
| LOK | |0 001 3094334962 | ||
| LOK | |0 003 DE-627 | ||
| LOK | |0 004 265863600 | ||
| LOK | |0 005 20110712100756 | ||
| LOK | |0 008 050309||||||||||||||||ger||||||| | ||
| LOK | |0 040 |a DE-21-52 |c DE-627 |d DE-21-52 | ||
| LOK | |0 541 |e 99/433 | ||
| LOK | |0 689 |a s |0 1310861943 |a Weiblichkeit | ||
| LOK | |0 689 |a s |0 1310816263 |a Jugendkultur | ||
| LOK | |0 689 |a s |0 1310854742 |a Feminismus | ||
| LOK | |0 689 |a s |0 1310853312 |a Pädagogik | ||
| LOK | |0 852 |a DE-21-52 | ||
| LOK | |0 852 1 |c An 699-675 |m p |9 00 | ||
| LOK | |0 935 |a k052 | ||
| LOK | |0 938 |k p | ||
| LOK | |0 939 |a 09-03-05 |b l01 | ||
| LOK | |0 000 xxxxxcx a22 zn 4500 | ||
| LOK | |0 001 3094335446 | ||
| LOK | |0 003 DE-627 | ||
| LOK | |0 004 265863600 | ||
| LOK | |0 005 19990901000000 | ||
| LOK | |0 008 990901||||||||||||||||ger||||||| | ||
| LOK | |0 040 |a DE-Frei85 |c DE-627 |d DE-Frei85 | ||
| LOK | |0 852 |a DE-Frei85 | ||
| LOK | |0 852 1 |m p |9 00 | ||
| LOK | |0 938 |k p | ||
| LOK | |0 939 |a 01-09-99 |b l01 | ||
| ORI | |a SA-MARC-krimdoka001.raw | ||
